1848 1982 1478 1111 1944 1641 1380 1700 1761 1657 1319 1661 1305 1028 1224 1230 1484 1753 1872 1519 1809 1797 1719 1550 1321 1129 1874 1345 1666 1781 1833 1963 1223 1279 1579 1911 1959 1577 1203 1156 1333 1165 1075 1386 1884 1632 1178 1034 1309 1496 1111 1275 1114 1747 1979 1842 1189 1519 1517 1004 1072 1118 1230 1652 1465 1428 1554 1646 1556 1986 1295 1847 1834 1748 1272 1752 1389 1595 1022 1160 1394 1063 1291 1617 1100 1381 1429 1880 1593 1614 1380 1209 1235 1389 1051 1745 1137 1395 1517 BCNSPRNW ULIB Ver.6.0+V

เปลี่ยนเป็นภาษาไทย

Change to English
 แสดงรายละเอียดบรรณานุกรม
  กลับหน้าหลัก

Brief Record : Get Marc (ISO 2709) : E-mail record : QR code < ปิดหน้าต่าง
LEADER : 00000nam 2200000uu 4500
001    13399126760
003     ULIB
008    190301s2560||||th 000 0 tha d
020 ^9 ^a9786164411487
050  0 ^aBF658.4092ส248ศ
100 0^ aสมชาติ กิจยรรยง
245 10 ^aศาสตร์และศิลป์ของผู้นำที่ครองใจคน/ สมชาติ กิจยรรยง
300 ^2 ^a270 หน้า ;21 ซม.
650 ^4 ^aผู้นำ
650 ^7 ^aภาวะผู้นำ
945    ^p199^l0^i27154
999    ^aกัณชพร จุลอักษร
รายการนี้ยังไม่มีแท็ก
คุณยังไม่ได้ล็อกอิน คุณสามารถมีกิจกรรมร่วมกับเว็บไซต์ได้ แต่ต้องล็อกอินก่อน ::
  ล็อกอิน

รายการสื่อสารสนเทศ

ลำดับที่ ประเภท เลขเรียก/บาร์โค้ด สถานที่ สถานะ
1. วิทยาศาสตร์การแพทย์ และสุขภาพ
วิทยาศาสตร์การแพทย์ และสุขภาพ
BF658.4092ส248ศ ฉ.1 
  Barcode: 27154
ห้องสมุดวิทยาเขตนครสวรรค์
►หนังสือทั่วไป:l:General Books
บนชั้น

รายการใกล้เคียง
    ชื่อเรื่อง [ศาสตร์และศิลป์ของผู้นำที่ครองใจคน/ สมชาติ กิจยรรยง]

    หัวเรื่อง [ผู้นำ]
    หัวเรื่อง [ภาวะผู้นำ]

BibComment


ยังไม่เคยถูกคอมเมนท์

คอมเมนท์ทรัพยากรรายการนี้
  คอมเมนท์: ศาสตร์และศิลป์ขอ..


 Copyright 2026. Bcnsprnw @Library